| 000 | 00825cab a2200217 4500 | ||
|---|---|---|---|
| 001 | WB3520-03 | ||
| 008 | 090401t1999 xxu||||| |||| 00| 0 eng d | ||
| 035 | _a(Sirsi) u93616 | ||
| 041 | _aeng | ||
| 245 | _aTreasury backs CIB Project Pact | ||
| 260 | _c1999 | ||
| 350 | _a0 | ||
| 490 |
_aContract Journal _v398 (6227) 26 May 1999, 2(1) |
||
| 520 | _aThe Government Construction Clients' Panel (GCCP) has pledged to use the Construction Industry Board's (CIB) Project Pact on all projects where teamwork is more applicable than partnering. Project Pact is a slimmed down version of partnering designed for smaller projects. | ||
| 650 | _aGOVERNMENT CONSTRUCTION CLIENT PANEL | ||
| 650 | _aPARTNERING | ||
| 650 | _aPROJECT PACT | ||
| 690 | _aBUILDING AND CONSTRUCTION-PROJECTS | ||
| 942 | _n0 | ||
| 948 | _c27/05/1999 | ||
| 999 |
_c59330 _d59330 |
||